| 000 | 00667nam a22002057i 4500 | ||
|---|---|---|---|
| 999 |
_c22767 _d22767 |
||
| 003 | AR-CdUCM | ||
| 008 | 240119b20202020pe ||||| |||| 00| 0 spa d | ||
| 020 | _a978-612-47510-7-3 | ||
| 040 |
_aMUNICIPALIDAD PROVINCIAL DEL CUSCO _cBIBLIOTECA MUNICIPAL DEL CUSCO |
||
| 041 | _hspa | ||
| 082 |
_a869.57 / C154Q _bC154Q |
||
| 100 |
_aCahuana Orihuela, Genaro _949342 |
||
| 245 | _aQaqya / | ||
| 260 |
_aSan Sebastián-Cusco : _bRoyer Capcha Quejias Editorial E.I.R.L., _c2020 |
||
| 300 |
_a57 páginas. : _c19 cm. |
||
| 505 | _aRipusaqmi -- Kutirimuy -- Pacha -- Ama ripuychu!... | ||
| 856 | _fwww.rcqeditorial.com | ||
| 942 |
_2ddc _cLIBROS |
||
| 945 |
_apbj _d19-01-2024 |
||